Guia de las instituciones de cultura de la Diputación Provincial de Barcelona
Descripción Física:
51 p. . il. ; 21 cm
MARC
| LEADER | 00000nam a2200000Ia 4500 | ||
|---|---|---|---|
| 001 | 8497 | ||
| 008 | 160829s1968 xx 000 0 cat d | ||
| 080 | |a E-1-174 | ||
| 110 | 1 | |a Barcelona (Catalunya : Província). |b Diputació |9 52408 | |
| 245 | |a Guia de las instituciones de cultura de la Diputación Provincial de Barcelona | ||
| 260 | |a Barcelona : |b la Diputación, |c 1968 | ||
| 300 | |a 51 p. . il. ; |c 21 cm | ||
| 590 | |a Després del títol, III Asamblea de Instituciones Culturales de las Diputaciones Provinciales. | ||
| 590 | |a Hi ha un duplicat a: DUP-65-4 | ||
| 650 | |a Institucions públiques |x Barcelona (Província) |x Directoris |9 21149 | ||
| 650 | 0 | |a Associacions, institucions, etc. |z Barcelona (Província) |v Directoris |9 21150 | |
| 901 | |a Arxiu | ||
| 942 | |n 1 | ||
| 952 | |0 0 |1 0 |4 0 |6 E1174 |7 1 |9 41804 |a Arxiu |b Arxiu |d 2016-12-01 |l 0 |o E-1-174 |p 8497 |r 2016-12-01 00:00:00 |w 2016-12-01 |y ARXIU | ||
| 952 | |0 0 |1 0 |4 0 |6 PDL |7 1 |9 63743 |a Arxiu |b Arxiu |d 2022-09-05 |l 0 |o PDL |p 26664 |r 2022-09-05 00:00:00 |w 2022-09-05 |y ARXIU | ||
| 999 | |c 43727 |d 43727 | ||